00487nam a22001457a 4500003000400000008004100004020001800045082001900063245009500082260005300177300001600230650003400246650004200280700001900322OSt260606b |||||||| |||| 00| 0 eng d a9789353878252 a630.2015bA51N aNanotechnologies for Agriculture Advances & Future Perspective/bby Sheikh Amjid...[et a.] aDelhi: bSatish Serial Publishing House, c2025. axii, 235 p. aTechnology (Applied sciences) aAgriculture and related technologies  aAmjid, Sheikh